[Event "Hillerod CC-ch C"]
[Site "Hillerod"]
[Date "2016.01.26"]
[Round "3"]
[White "Pedersen, Jan2222"]
[Black "Lang, Daniel Barselajsen"]
[Result "1-0"]
[WhiteElo "1513"]
[BlackElo "1486"]
[PlyCount "69"]
[EventDate "2016.01.05"]
[EventType "swiss"]
[EventRounds "9"]
[EventCountry "DEN"]
[SourceTitle "EXT 2024"]
[Source "ChessBase"]
[SourceDate "2023.10.10"]
[SourceVersion "1"]
[SourceVersionDate "2023.10.10"]
[SourceQuality "1"]

1. d4 Nf6 2. c4 d5 3. Nc3 e6 4. cxd5 Nxd5 5. a3 Be7 6. e3 0-0 7. Bd3 Nf6 8. Nf3 Nbd7 9. 0-0 c6 10. e4 Nb6 11. e5 Nfd5 12. Ne4 f6 13. exf6 Nxf6 14. Nxf6+ Bxf6 15. Be3 Nd5 16. Qe2 Ne7 17. Rfd1 Qe8 18. Ne5 Bxe5 19. dxe5 Nf5 20. Bc5 Rf7 21. Qe4 g6 22. Rd2 b6 23. Bd6 Bb7 24. Rad1 Qd8 25. Bc4 c5 26. Qg4 Nd4 27. Bxe6 Nxe6 28. Qxe6 Qg5 29. f3 Bxf3 30. Rf2 Bxd1 31. Qxf7+ Kh8 32. Qf6+ Qxf6 33. exf6 Re8 34. f7 Re1+ 35. Rf1 1-0